New Zealand Rugby All Blacks - Opposition wins on Eden Park - Statistics

General Stats
  • This quiz has been taken 92 times
  • The average score is 8 of 10
Answer Stats
Year Team % Correct
1921 South Africa
90%
1949 Australia
89%
1937 South Africa
87%
1955 Australia
83%
1978 Australia
82%
1986 Australia
82%
1994 France
79%
1973 England
77%
1959 British and Irish Lions
76%
1979 France
70%
No matching quizzes found
Score Distribution
Percent of People with Each Score
Percentile by Number Answered
Your Score History
You have not taken this quiz